[Event "BL 0405 (Women)"]
[Site "Germany"]
[Date "2004.12.05"]
[Round "4.6"]
[White "Beltz, Martina"]
[Black "Mueller, Kathrin"]
[Result "0-1"]
[WhiteElo "2121"]
[BlackElo "1748"]
[PlyCount "84"]
[EventDate "2004.11.06"]
[EventType "team-tourn"]
[EventRounds "11"]
[EventCountry "GER"]
[SourceTitle "EXT 2006"]
[Source "ChessBase"]
[SourceDate "2005.11.24"]
[SourceVersion "1"]
[SourceVersionDate "2005.11.24"]
[SourceQuality "1"]
[WhiteTeam "Leipzig Gohlis (W)"]
[BlackTeam "Mannheim (W)"]
[WhiteTeamCountry "GER"]
[BlackTeamCountry "GER"]

1. d4 Nf6 2. Nf3 g6 3. g3 Bg7 4. Bg2 d6 5. 0-0 0-0 6. c4 c6 7. Nc3 Qc7 8. Qc2 e5 9. Rd1 Re8 10. dxe5 dxe5 11. e4 Bg4 12. Be3 Nbd7 13. Rd3 Be6 14. b3 Ng4 15. Bc1 b5 16. cxb5 cxb5 17. Qe2 Nc5 18. Nxb5 Qa5 19. Rd1 Nxe4 20. Bd2 Qb6 21. Be3 Nxe3 22. Qxe3 Qxb5 23. Qxe4 Bf5 24. Qe3 e4 25. Nd4 Qa5 26. a4 Rac8 27. Rac1 Rxc1 28. Rxc1 Bxd4 29. Qxd4 Rd8 30. Qc4 Qd2 31. Rf1 Rc8 32. Qb5 e3 33. fxe3 Qxe3+ 34. Kh1 Bd3 35. Qb7 Rf8 36. b4 Bxf1 37. Bxf1 Qe1 38. Kg2 Rd8 39. Bc4 Rd2+ 40. Kh3 Qe8 41. Qxa7 Qc8+ 42. Kh4 Qxc4+ 0-1

[Event "BL 0304 (Women)"]
[Site "Germany"]
[Date "2004.02.28"]
[Round "6.6"]
[White "Mueller, Kathrin"]
[Black "Stemmler, Lysan"]
[Result "0-1"]
[WhiteElo "1734"]
[BlackElo "1622"]
[PlyCount "78"]
[EventDate "2003.11.29"]
[EventType "team-tourn"]
[EventRounds "11"]
[EventCountry "GER"]
[SourceTitle "EXT 2005"]
[Source "ChessBase"]
[SourceDate "2004.11.15"]
[SourceVersion "1"]
[SourceVersionDate "2004.11.15"]
[SourceQuality "1"]
[WhiteTeam "Mannheim"]
[BlackTeam "Torgelow"]
[WhiteTeamCountry "GER"]
[BlackTeamCountry "GER"]

1. d4 Nf6 2. c4 g6 3. Nc3 Bg7 4. e4 d6 5. f4 c5 6. d5 e6 7. e5 Nh5 8. Nf3 dxe5 9. fxe5 exd5 10. cxd5 Bg4 11. Qa4+ Bd7 12. Bb5 Qe7 13. 0-0 0-0 14. d6 Qe6 15. Ng5 Qe8 16. Bxd7 Nxd7 17. Nd5 Nxe5 18. Ne7+ Kh8 19. Qe4 h6 20. Nf3 Nxf3+ 21. Qxf3 Qd7 22. Rd1 Bd4+ 23. Kh1 Qxd6 24. Nd5 Rad8 25. Ne3 Qf4 26. Qxf4 Nxf4 27. Ng4 h5 28. Bxf4 hxg4 29. Bg5 f6 30. Bf4 Bxb2 31. Rab1 Bd4 32. Rxb7 Rc8 33. Rxa7 Rfd8 34. g3 c4 35. Ra4 g5 36. Bc1 Be5 37. Kg2 Rxd1 38. Ba3 c3 39. Rxg4 c2 0-1